00269nam a2200097Ia 4500008004100000100002800041245003400069260004200103260000900145999001700154170620s9999 xx 000 0 und d aRao- Digumarti Bhaskara 0aReforming Secondary Education bNew Delhi- Discovery Publishing House c2007 c24521d24521